000 00735nam a2200217Ia 4500
001 4947
003 GE_BSU
008 181216s||||||||xx |||||||||||||| ||und||
040 _cGE_BSU
080 _a621.81(035):681.3
100 _aГузенков,П.Г.
245 _aКраткий справочник к расчетам деталей машин
245 _cРед. Н.Н.Ещенко.
250 _aИзд 5-е.переработанное и дополненное.
260 _aМ.
260 _bВысшая школа.
260 _c1968.
300 _a312стр.20см.библиогр.:стр.308-309.
653 _aКраткий справочник к расчетам деталей машин.
942 _cBK
999 _c38689
_d38689